000 00964nas a2200313 4500
001 BR0000933
003 BR-BrBNA
005 20231205101717.0
007 ta
008 230509b bl.|||p| |||| 00| 00por d
040 _aBR-BrBNA
_bpor
_cBiblioteca Nacional de Agricultura
041 _a(Pt)
072 _aQ52; Q54
100 1 _aNarciso Sobrinho, J.
100 1 _aMattos, H.B. de
100 1 _aAndrade, J.B. de
100 1 _aLeite, V.B. de O.
100 1 _aMartello, V.P.
245 1 _aSilagem de capim-elefante, em tres estadios de maturidade, submetido ao emurchecimento; 3: valor nutritivo das silagens
650 _aCapim Elefante
650 _aSilagem
650 _aMaturidade
650 _aValor Nutritivo
650 _aConsumo
650 _aDigestibilidade
773 0 _tBoletim de Industria Animal (Brazil)
_xISSN 0067-9615
_g(1998), v. 55(2) p. 127-138
_wBR0000933
909 _a202311
_bLúcia
_c55
_dLúcia Elande
942 _2AGRIS
_n0
_cANA
999 _c163419
_d163419